[Event "POL Ch 52"]
[Site "Warszawa"]
[Date "1995.??.??"]
[Round "11"]
[White "Oliwa, Marek"]
[Black "Jaracz, Pawel"]
[Result "0-1"]
[WhiteElo "2405"]
[BlackElo "2410"]
[PlyCount "112"]
[EventDate "1995.??.??"]
[Source "Vistula"]
[SourceDate "1999.08.16"]

1. c4 Nf6 2. Nc3 e6 3. d4 Bb4 4. e3 Bxc3+ $6 5. bxc3 c5 6. Bd3 d6 7. Ne2 Nc6 8.
O-O O-O 9. e4 e5 10. d5 Ne7 11. f3 Ng6 12. Be3 Nh5 13. Qd2 Bd7 14. g4 Nf6 15.
Ng3 Ne8 16. Nf5 Nh8 17. Rf2 f6 18. h4 Nf7 19. Rg2 g6 20. Ng3 Ng7 21. g5 f5 22.
exf5 gxf5 23. f4 Qe7 24. Rf1 e4 25. Be2 Be8 26. Kf2 h6 27. Kg1 Rb8 28. Nh5 hxg5
29. Nxg7 Kxg7 30. fxg5 Ne5 31. Rgf2 b5 32. Rxf5 Rxf5 33. Rxf5 bxc4 34. h5 Rb7
35. Kf2 Qd7 36. h6+ Kh7 37. Rxe5 dxe5 38. Qc2 Qf5+ 39. Kg2 Rb6 40. Qd1 Rb2 41.
Kg3 Bd7 42. Bg4 Qxg4+ 43. Qxg4 Bxg4 44. Kxg4 Kg6 45. d6 Rb7 46. Bxc5 a6 47. a4
Rd7 48. a5 Rf7 49. Be3 Rd7 50. Bc5 e3 51. Bxe3 Rxd6 52. Kf3 Rd3 53. Ke4 Rxc3
54. Bd2 Rh3 55. Kxe5 c3 56. Bf4 Rf3 0-1

[Event "POL Ch 52"]
[Site "Warszawa"]
[Date "1995.??.??"]
[Round "11"]
[White "Schmidt, Wlodzimierz"]
[Black "Gdanski, Jacek"]
[Result "0-1"]
[WhiteElo "2475"]
[BlackElo "2490"]
[PlyCount "56"]
[EventDate "1995.??.??"]
[Source "Vistula"]
[SourceDate "1999.08.16"]

1. c4 e5 2. Nc3 Bb4 3. g3 Bxc3 4. bxc3 Nf6 5. Bg2 O-O 6. Nf3 e4 7. Nd4 Nc6 8.
O-O Nxd4 9. cxd4 d5 10. d3 dxc4 11. dxc4 Re8 12. Rb1 b6 13. Bg5 h6 14. Bxf6
Qxf6 15. f4 Ba6 16. Rc1 c5 17. d5 b5 18. cxb5 Bxb5 19. Re1 Rac8 20. a4 $1 Bd7 (
20... Ba6 21. Bh3 {/\ d6}) 21. Rc4 Bf5 22. e3 Qg6 23. Qc2 h5 24. Rc1 h4 25.
gxh4 $2 (25. Kf2) 25... Red8 26. Rxc5 Rxc5 27. Qxc5 Bh3 28. Rc2 $4 (28. Qc2 Rc8
29. Qxc8+ Bxc8 30. Rxc8+ Kh7 31. Rc4 $1 $11) 28... Rb8 {[Gdanski]} 0-1

[Event "POL Ch 52"]
[Site "Warszawa"]
[Date "1995.??.??"]
[Round "11"]
[White "Weglarz, Leszek"]
[Black "Kempinski, Robert"]
[Result "1-0"]
[WhiteElo "2365"]
[BlackElo "2435"]
[PlyCount "65"]
[EventDate "1995.??.??"]
[Source "Vistula"]
[SourceDate "1999.08.16"]

1. e4 c5 2. Nf3 a6 3. c4 d6 4. d4 cxd4 5. Nxd4 Nf6 6. Nc3 e6 7. Be2 Be7 8. Be3
Qc7 9. g4 h6 10. h4 Nfd7 11. Qa4 Nc6 12. O-O-O Nc5 13. Qc2 Nb4 14. Qb1 Bf6 15.
g5 Bxd4 16. Bxd4 e5 17. Be3 Be6 18. b3 b5 19. a3 Nc6 20. b4 Nd7 21. gxh6 gxh6
22. Qd3 Nd4 23. Bxd4 Bxc4 24. Bb6 Nxb6 25. Qxd6 Rc8 26. Bxc4 Nxc4 27. Qf6 Nb6
28. Rh3 Rg8 29. Rd6 Nc4 30. Rd5 (30. Re6+ $5 fxe6 31. Qxe6+ Kf8 32. Rf3+ Kg7
33. Rf6 $1 Qd6 34. Qf7+ Kh8 35. Rxd6 Nxd6 36. Qf6+ $16) 30... Rg6 31. Qf5 Rc6
$4 (31... Rd8) 32. Rg3 Qb6 33. Rd7 {[Weglarz]} 1-0

[Event "POL Ch 52"]
[Site "Warszawa"]
[Date "1995.??.??"]
[Round "12"]
[White "Grabarczyk, Miroslaw"]
[Black "Matlak, Marek"]
[Result "1/2-1/2"]
[WhiteElo "2440"]
[BlackElo "2465"]
[PlyCount "35"]
[EventDate "1995.??.??"]
[Source "Vistula"]
[SourceDate "1999.08.16"]

1. d4 d5 2. c4 e6 3. Nf3 c6 4. Qc2 Nf6 5. e3 Nbd7 6. Nc3 Bd6 7. b3 O-O 8. Be2
Qe7 9. O-O Re8 10. Rd1 b6 11. e4 Nxe4 12. Nxe4 dxe4 13. Qxe4 Bb7 14. Bf4 Bxf4
15. Qxf4 c5 16. Qc7 Rab8 17. Rac1 e5 18. dxc5 1/2-1/2

[Event "POL Ch 52"]
[Site "Warszawa"]
[Date "1995.??.??"]
[Round "12"]
[White "Jaracz, Pawel"]
[Black "Weglarz, Leszek"]
[Result "1-0"]
[WhiteElo "2410"]
[BlackElo "2365"]
[PlyCount "45"]
[EventDate "1995.??.??"]
[Source "Vistula"]
[SourceDate "1999.08.16"]

1. e4 c5 2. Nf3 Nc6 3. d4 cxd4 4. Nxd4 Nf6 5. Nc3 d6 6. Bc4 e6 7. Be3 Be7 8.
Qe2 O-O 9. Bb3 a6 10. Rg1 (10. O-O-O) 10... Nd7 11. g4 Nxd4 12. Bxd4 b5 13. g5
Nc5 14. Qh5 Nxb3 15. axb3 e5 16. Be3 Be6 17. O-O-O a5 18. f4 g6 $4 (18... exf4
19. Bxf4 a4 $17) 19. Qh6 b4 (19... exf4 $6 20. Bd4 $1 f6 21. gxf6 Bxf6 22.
Rxg6+ $18) 20. f5 bxc3 (20... gxf5 21. g6 $18) 21. Rxd6 $3 (21. Rg4) 21... a4 (
21... gxf5 22. Rxe6 {/\ g6}) 22. Rxd8 axb3 23. Qxf8+ {[Jaracz]} 1-0

[Event "POL Ch 52"]
[Site "Warszawa"]
[Date "1995.??.??"]
[Round "12"]
[White "Kempinski, Robert"]
[Black "Schmidt, Wlodzimierz"]
[Result "1-0"]
[WhiteElo "2435"]
[BlackElo "2475"]
[PlyCount "57"]
[EventDate "1995.??.??"]
[Source "Vistula"]
[SourceDate "1999.08.16"]

1. Nf3 Nf6 2. c4 g6 3. Nc3 Bg7 4. e4 d6 5. d4 O-O 6. Be2 e5 7. d5 a5 8. h3 Na6
9. Bg5 Nc5 10. Nd2 c6 11. Rb1 Bd7 12. O-O Qe8 13. b3 cxd5 14. cxd5 b5 15. b4 $1
axb4 16. Rxb4 Na6 17. Rb2 b4 18. Ncb1 h6 19. Be3 Ba4 20. Qe1 Bb5 21. Bxb5 Qxb5
22. Na3 Qb8 23. Nac4 Nc5 24. Qb1 Ra4 25. a3 b3 26. Rc1 Nfd7 27. Nxb3 Qc7 28.
Nxc5 Nxc5 29. Nxd6 1-0

[Event "POL Ch 52"]
[Site "Warszawa"]
[Date "1995.??.??"]
[Round "12"]
[White "Macieja, Bartlomiej"]
[Black "Wojtkiewicz, Aleksander"]
[Result "0-1"]
[WhiteElo "2440"]
[BlackElo "2530"]
[PlyCount "80"]
[EventDate "1995.??.??"]
[Source "Vistula"]
[SourceDate "1999.08.16"]

1. e4 c5 2. Nf3 d6 3. d4 cxd4 4. Nxd4 Nf6 5. Nc3 a6 6. Bc4 e6 7. O-O Be7 8. Bb3
b5 9. Qf3 Qc7 10. Qg3 O-O 11. Bh6 Ne8 12. Rad1 Bd7 13. f4 Nc6 14. f5 Nxd4 15.
Rxd4 Bf6 16. Rd3 Kh8 17. fxe6 fxe6 18. Be3 b4 19. Ne2 e5 20. Rd2 Bc6 21. Qg4
Be7 22. Rxf8+ Bxf8 23. Qe6 Nf6 24. Bg5 Re8 25. Qc4 Qa7+ 26. Nd4 (26. Kh1 Bb5
27. Qf7 Qxf7 28. Bxf7 Nxe4 29. Bxe8 Bxe8 $1) 26... Bb5 27. Qf7 Be7 28. Be3 exd4
29. Bxd4 Qc7 30. Rf2 Qd8 31. a4 bxa3 32. bxa3 Rf8 33. Qe6 Bd7 34. Qc4 a5 35. h3
Qc8 36. Qd3 a4 37. Ba2 Be6 38. c4 Nd7 39. Qg3 Ne5 40. Rxf8+ Bxf8 0-1

[Event "POL Ch 52"]
[Site "Warszawa"]
[Date "1995.??.??"]
[Round "12"]
[White "Socko, Bartosz"]
[Black "Oliwa, Marek"]
[Result "0-1"]
[WhiteElo "2385"]
[BlackElo "2405"]
[PlyCount "160"]
[EventDate "1995.??.??"]
[Source "Vistula"]
[SourceDate "1999.08.16"]

1. e4 d5 2. exd5 Nf6 3. d4 Nxd5 4. Nf3 g6 5. Be2 Bg7 6. O-O O-O 7. c4 Nb6 8.
Nc3 Bg4 9. h3 Bxf3 10. Bxf3 c6 11. c5 Nd5 12. Qb3 Nxc3 13. bxc3 b6 14. cxb6
Qxb6 15. Ba3 Qc7 16. Rfe1 Bf6 17. Rab1 a5 18. Qb6 Rc8 19. Qxc7 Rxc7 20. Rb6 Nd7
21. Rxc6 Rac8 22. Rxc7 Rxc7 23. Bxe7 Rxc3 24. d5 Kg7 25. d6 Bd4 26. Rd1 Bc5 27.
Bh4 f5 28. Kf1 Rc4 29. Be7 Rc2 30. Rb1 Rxf2+ 31. Ke1 Ne5 32. Be2 Rxg2 33. Rb5
Rg1+ 34. Kd2 Bb4+ 35. Kc2 Nf7 36. Rd5 Re1 37. Bc4 Re4 38. Bb5 f4 39. Rd3 Ne5
40. Rd1 Nf7 41. Rd3 Re2+ 42. Kb3 Re3 43. Rxe3 fxe3 44. Bc4 Bxd6 45. Bh4 Bb4 46.
Be2 Nh6 47. Bg3 Kf6 48. Kc4 Nf5 49. Bc7 Kg5 50. Kd3 Kh4 51. Bf1 Bd2 52. Bg2 h6
53. a4 g5 54. Be5 g4 55. hxg4 Kxg4 56. Ke2 h5 57. Bf3+ Kg5 58. Bg2 Nh4 59. Bc6
Ng6 60. Bc7 Nf4+ 61. Kf3 Nh3 62. Bh2 Kf6 63. Be8 h4 64. Ke2 Kg5 65. Kf3 Kf6 66.
Ke2 Nf2 67. Bf4 Ng4 68. Kf3 Ne5+ 69. Ke4 Nc4 70. Kd3 Kf5 71. Bxe3 Nxe3 72. Kxd2
Kf4 73. Bc6 Ng4 74. Ke2 Kg3 75. Bb7 h3 76. Bc6 Ne5 77. Be4 h2 78. Bh1 Nd7 79.
Kd3 Nb6 80. Bc6 Nxa4 0-1

[Event "POL Ch 52"]
[Site "Warszawa"]
[Date "1995.??.??"]
[Round "12"]
[White "Urban, Klaudiusz"]
[Black "Czerwonski, Aleksander"]
[Result "1-0"]
[WhiteElo "2410"]
[BlackElo "2370"]
[PlyCount "153"]
[EventDate "1995.??.??"]
[Source "Vistula"]
[SourceDate "1999.08.16"]

1. d4 d6 2. Nf3 Bg4 3. g3 Bxf3 4. exf3 Nf6 5. Bg2 d5 6. f4 e6 7. Qe2 Be7 8.
Qb5+ Nc6 9. c3 a6 10. Qd3 O-O 11. Nd2 Bd6 12. O-O Ne7 13. Nb3 b6 14. Nd2 c5 15.
Nf3 b5 16. dxc5 Bxc5 17. Nd4 Qb6 18. Nb3 Bd6 19. Be3 Qc7 20. Nd4 Nd7 21. Rad1
g6 22. Rfe1 Nb6 23. h4 Rfe8 24. h5 Nc6 25. Nf3 Nc4 26. Bc1 Bf8 27. Ng5 Bg7 28.
Bh3 h6 29. Nf3 gxh5 30. Nh4 Rad8 31. Qf3 f5 32. Qxh5 Qf7 33. Qe2 Nd6 34. Bg2
Ne4 35. Kh2 Bf6 36. Nf3 Kg7 37. Be3 Rh8 38. Nd2 Ne7 39. Nxe4 dxe4 40. Kg1 Nd5
41. f3 Nxe3 42. Qxe3 exf3 43. Bxf3 h5 44. Qxe6 Qxe6 45. Rxe6 h4 46. gxh4 Rxd1+
47. Bxd1 Rxh4 48. Rxa6 b4 49. cxb4 Rxf4 50. b5 Bd4+ 51. Kg2 Rf2+ 52. Kg3 Rxb2
53. Bb3 Be5+ 54. Kf3 Rh2 55. Re6 Rh3+ 56. Ke2 Bd4 57. b6 f4 58. b7 f3+ 59. Kd2
Rh8 60. Bc4 f2 61. a4 Rb8 62. Re7+ Kf6 63. Rd7 Ba7 64. Kc3 Ke5 65. Rf7 Kd6 66.
Kb4 Re8 67. Ka5 Rb8 68. Ka6 Be3 69. Bb5 Rh8 70. Rd7+ Kc5 71. Re7 Bf4 72. Re4
Bg3 73. Rc4+ Kd5 74. Rc8 Rh4 75. Rf8 Rb4 76. Rxf2 Rh4 77. Rf8 1-0

[Event "POL Ch 52"]
[Site "Warszawa"]
[Date "1995.??.??"]
[Round "13"]
[White "Czerwonski, Aleksander"]
[Black "Grabarczyk, Miroslaw"]
[Result "1/2-1/2"]
[WhiteElo "2370"]
[BlackElo "2440"]
[PlyCount "36"]
[EventDate "1995.??.??"]
[Source "Vistula"]
[SourceDate "1999.08.16"]

1. d4 Nf6 2. c4 e6 3. Nf3 b6 4. g3 Bb7 5. Bg2 Bb4+ 6. Bd2 Be7 7. Nc3 c6 8. O-O
O-O 9. e4 d5 10. exd5 cxd5 11. Ne5 Nc6 12. Nxc6 Bxc6 13. Bg5 Rc8 14. Bxf6 gxf6
15. cxd5 exd5 16. Rc1 Qd6 17. Qd2 Rfd8 18. Rc2 Qd7 1/2-1/2

[Event "POL Ch 52"]
[Site "Warszawa"]
[Date "1995.??.??"]
[Round "13"]
[White "Gdanski, Jacek"]
[Black "Kempinski, Robert"]
[Result "1/2-1/2"]
[WhiteElo "2490"]
[BlackElo "2435"]
[PlyCount "147"]
[EventDate "1995.??.??"]
[Source "Vistula"]
[SourceDate "1999.08.16"]

1. e4 c5 2. Nc3 a6 3. g3 e6 4. Bg2 Nc6 5. Nge2 Nf6 6. O-O Be7 7. d4 cxd4 8.
Nxd4 Qc7 9. Re1 d6 10. Nxc6 bxc6 11. e5 dxe5 12. Rxe5 O-O 13. Bf4 Qb7 14. Re3
Bd7 15. Ne4 Nd5 16. Rb3 Qa7 17. Bd6 Bxd6 18. Nxd6 Rab8 19. c4 Rxb3 20. axb3 Nb4
21. Qd2 c5 22. Nb5 Bxb5 23. cxb5 Qb6 24. bxa6 Nxa6 25. Qa5 Qxa5 26. Rxa5 Nb4
27. Rxc5 Rb8 28. Bf1 Kf8 29. Rb5 Rxb5 30. Bxb5 Ke7 31. Kf1 Kd6 32. Ke2 Kc5 33.
Be8 f6 34. Bf7 Kd5 35. Bg8 h6 36. f4 Kd6 37. Kd2 g5 38. fxg5 fxg5 39. Kc3 Nd5+
40. Kd3 Nf6 41. Bf7 Ng4 42. Bh5 Nxh2 43. Be2 Kc5 44. Kc3 h5 45. b4+ Kd5 46. Kd3
h4 47. gxh4 gxh4 48. Ke3 e5 49. b5 h3 50. b4 e4 51. b6 Ng4+ 52. Bxg4 h2 53. b7
h1=Q 54. b8=Q Qg1+ 55. Kd2 Qxg4 56. Qb5+ Ke6 57. Qc6+ Ke7 58. Qc5+ Kd8 59. Qb6+
Ke7 60. Qc5+ Kd8 61. Qd4+ Qd7 62. Ke3 Qxd4+ 63. Kxd4 Kc7 64. Kxe4 Kc6 65. Kd4
Kb5 66. Kc3 Kb6 67. Kc4 Kc6 68. b5+ Kb6 69. Kb4 Kb7 70. Kc5 Kc7 71. b6+ Kb8 72.
Kc6 Kc8 73. b7+ Kb8 74. Kb6 1/2-1/2

[Event "POL Ch 52"]
[Site "Warszawa"]
[Date "1995.??.??"]
[Round "13"]
[White "Grabarczyk, Bogdan"]
[Black "Urban, Klaudiusz"]
[Result "0-1"]
[WhiteElo "2375"]
[BlackElo "2410"]
[PlyCount "60"]
[EventDate "1995.??.??"]
[Source "Vistula"]
[SourceDate "1999.08.16"]

1. e4 g6 2. d4 Bg7 3. Nc3 d6 4. f4 Nf6 5. Nf3 O-O 6. Be3 b6 7. Bc4 e6 8. Qe2 d5
9. Bd3 dxe4 10. Nxe4 Nbd7 11. O-O-O Bb7 12. Nxf6+ Nxf6 13. Kb1 Qe7 14. h4 h5
15. Ne5 Rfd8 16. Rhg1 c5 17. c3 Rac8 18. g4 Nxg4 19. Nxg4 hxg4 20. Qxg4 cxd4
21. cxd4 Rd5 22. f5 exf5 23. Qf4 Ra5 24. Rd2 Bd5 25. a3 Re8 26. Bf2 Be4 27. Re1
Rd5 28. Ka1 Qd6 29. Qg5 Bxd4 30. Bc4 Qxa3+ 0-1

[Event "POL Ch 52"]
[Site "Warszawa"]
[Date "1995.??.??"]
[Round "13"]
[White "Kuczynski, Robert"]
[Black "Macieja, Bartlomiej"]
[Result "1-0"]
[WhiteElo "2510"]
[BlackElo "2440"]
[PlyCount "113"]
[EventDate "1995.??.??"]
[Source "Vistula"]
[SourceDate "1999.08.16"]

1. e4 e5 2. Nf3 Nc6 3. Bc4 Nf6 4. d3 Bc5 5. c3 d6 6. O-O O-O 7. Nbd2 a6 8. Bb3
Ba7 9. h3 h6 10. Re1 Nh5 11. Nf1 Qf6 12. Be3 Nf4 13. Kh2 Be6 14. Bxa7 Rxa7 15.
Ne3 Bxb3 16. axb3 Raa8 17. g3 Ne6 18. Nd5 Qd8 19. Nh4 Ne7 20. Ne3 Qd7 21. Qg4
Rad8 22. Rad1 Kh7 23. b4 Ng5 24. f4 Qxg4 25. Nxg4 exf4 26. gxf4 Ne6 27. f5 Ng5
28. f6 Ng8 29. fxg7 Kxg7 30. Rg1 Kh7 31. Rdf1 f6 32. Ne3 Ne7 33. Nhf5 Nxf5 34.
Rxf5 Rd7 35. Rgf1 Rdf7 36. Nd5 Kg7 37. Nf4 Re7 38. h4 Nh7 39. Rg1+ Kf7 40. Ng6
Rfe8 41. Nxe7 Rxe7 42. Rh5 Nf8 43. Rxh6 Re5 44. Rf1 Re6 45. Rh5 Kg6 46. Rhf5
Nd7 47. Kg3 Re8 48. Kf4 Rh8 49. h5+ Kf7 50. d4 Ke6 51. Rg1 Kf7 52. Rg3 Rh7 53.
Kg4 Rg7+ 54. Kh4 Rh7 55. Rg6 Rh8 56. Rf4 Rh7 57. e5 1-0

[Event "POL Ch 52"]
[Site "Warszawa"]
[Date "1995.??.??"]
[Round "13"]
[White "Oliwa, Marek"]
[Black "Markowski, Tomasz"]
[Result "1/2-1/2"]
[WhiteElo "2405"]
[BlackElo "2470"]
[PlyCount "46"]
[EventDate "1995.??.??"]
[Source "Vistula"]
[SourceDate "1999.08.16"]

1. d4 Nf6 2. Nc3 d5 3. Bg5 e6 4. e4 Bb4 5. Bd3 dxe4 6. Bxe4 h6 7. Bxf6 Qxf6 8.
Nf3 Nd7 9. O-O O-O 10. Qe2 c5 11. Rad1 cxd4 12. Rxd4 Bxc3 13. bxc3 Nc5 14. Ne5
Nxe4 15. Qxe4 Qf5 16. Rfd1 Qxe4 17. Rxe4 b6 18. Rc4 Ba6 19. Rc7 Bb5 20. c4 Ba4
21. Rd3 f6 22. Rg3 g5 23. Ng4 h5 1/2-1/2

[Event "POL Ch 52"]
[Site "Warszawa"]
[Date "1995.??.??"]
[Round "13"]
[White "Schmidt, Wlodzimierz"]
[Black "Jaracz, Pawel"]
[Result "1-0"]
[WhiteElo "2475"]
[BlackElo "2410"]
[PlyCount "43"]
[EventDate "1995.??.??"]
[Source "Vistula"]
[SourceDate "1999.08.16"]

1. Nf3 d6 2. d4 g6 3. c4 Bg7 4. Nc3 Nf6 5. e4 O-O 6. Be2 e5 7. O-O exd4 8. Nxd4
Re8 9. f3 Nh5 10. f4 c5 11. Nb3 Nf6 12. e5 dxe5 13. Qxd8 Rxd8 14. fxe5 Nfd7 15.
Bg5 Re8 16. Nd5 Bxe5 (16... Rxe5 17. Nc7) 17. Ne7+ Kg7 $2 (17... Kf8 18. Nxc8
Rxc8 19. Rad1 $1) 18. Bf3 Nf8 19. Nxc8 Nc6 20. Bxc6 bxc6 21. Rae1 Nd7 22. Rd1 {
[Schmidt]} 1-0

[Event "POL Ch 52"]
[Site "Warszawa"]
[Date "1995.??.??"]
[Round "13"]
[White "Weglarz, Leszek"]
[Black "Socko, Bartosz"]
[Result "0-1"]
[WhiteElo "2365"]
[BlackElo "2385"]
[PlyCount "78"]
[EventDate "1995.??.??"]
[Source "Vistula"]
[SourceDate "1999.08.16"]

1. Nf3 Nf6 2. c4 g6 3. g3 Bg7 4. Bg2 d6 5. O-O O-O 6. Nc3 e5 7. d3 Nc6 8. Rb1
a5 9. a3 h6 10. b4 axb4 11. axb4 Be6 12. b5 Ne7 13. Bd2 Nd7 14. Ne1 Qc8 15. Nc2
f5 16. Nb4 Nf6 17. Ra1 Rb8 18. Nbd5 Nfxd5 19. cxd5 Bd7 20. f4 exf4 21. gxf4 g5
22. Qc1 Ng6 (22... gxf4 $142 $5) 23. fxg5 f4 24. Ne4 Bh3 25. Bxh3 Qxh3 26. Rf3
Qg4+ 27. Kh1 Nh4 28. Qg1 Qxg1+ 29. Rxg1 Nxf3 30. exf3 h5 31. Kg2 Rf5 32. Rc1
Rxd5 33. Rxc7 Rf8 34. Bb4 Be5 35. Rxb7 Rxd3 36. Rd7 $2 (36. b6 Rd4 37. Ba3 Ra8
38. Ra7 Rxa7 39. bxa7 Ra4 $11) 36... Ra8 37. Bxd6 Ra2+ 38. Kh3 Rxf3+ 39. Ng3
fxg3 {[Socko]} 0-1

[Event "POL Ch 52"]
[Site "Warszawa"]
[Date "1995.??.??"]
[Round "13"]
[White "Wojtkiewicz, Aleksander"]
[Black "Kaminski, Marcin"]
[Result "1-0"]
[WhiteElo "2530"]
[BlackElo "2455"]
[PlyCount "135"]
[EventDate "1995.??.??"]
[Source "Vistula"]
[SourceDate "1999.08.16"]

1. Nf3 Nf6 2. c4 g6 3. g3 Bg7 4. Bg2 c6 5. d4 d5 6. cxd5 cxd5 7. Nc3 O-O 8. Ne5
e6 9. Bg5 Qb6 10. Qd2 Nfd7 11. Be3 Nc6 12. Nxc6 bxc6 13. O-O Rb8 14. Rab1 $5
Qb4 15. Rfd1 Nb6 16. b3 c5 17. a3 $1 Qxa3 18. Bf4 $1 e5 19. Bxe5 Bxe5 20. dxe5
Bf5 21. Ra1 Qxb3 22. Nxd5 Nxd5 23. Bxd5 c4 24. Qd4 $1 Rfd8 25. Qxc4 Qxc4 26.
Bxc4 Rxd1+ 27. Rxd1 a5 28. f3 Rb4 29. Rd8+ Kg7 30. Bd3 Be6 31. Ra8 Ra4 32. Kf2
Ra1 33. Bb5 Bb3 34. Ra7 Kg8 35. Ke3 a4 36. e6 $1 fxe6 37. Kf4 Rc1 38. e4 h6 39.
Bxa4 Ra1 40. Ra8+ Kg7 41. Bc6 Rxa8 42. Bxa8 Kf6 43. e5+ Kf7 44. h4 Bc4 45. Be4
Bb3 46. g4 Bd1 47. Bd3 Ba4 48. Bc4 Ke7 49. Kg3 Bc6 50. f4 Be8 51. Be2 Bf7 52.
Bb5 h5 53. gxh5 gxh5 54. Bd3 Be8 55. f5 exf5 56. Bxf5 Bb5 57. Kf4 Kf7 58. Kg5
Bc4 59. Kxh5 Kg7 60. Kg5 Bb3 61. h5 Bc4 62. Bg6 Bb3 63. h6+ Kh8 64. Kf6 Bc4 65.
Bf7 Bb5 66. e6 Kh7 67. Kg5 Bc6 68. e7 1-0

[Event "POL Ch 52"]
[Site "Warszawa"]
[Date "1995.??.??"]
[Round "14"]
[White "Grabarczyk, Miroslaw"]
[Black "Grabarczyk, Bogdan"]
[Result "1-0"]
[WhiteElo "2440"]
[BlackElo "2375"]
[PlyCount "61"]
[EventDate "1995.??.??"]
[Source "Vistula"]
[SourceDate "1999.08.16"]

1. d4 f5 2. c4 Nf6 3. Nf3 e6 4. g3 d5 5. Bg2 c6 6. Qc2 Bd6 7. Bf4 Bxf4 8. gxf4
O-O 9. Nbd2 Bd7 10. O-O Ne4 11. e3 Be8 12. Ne5 Nd7 13. Nxd7 Qxd7 14. Nf3 Bh5
15. Ne5 Qe7 16. Kh1 Rf6 17. Bxe4 fxe4 18. Rg1 Rf5 19. Rg3 Kh8 20. Rag1 Rg8 21.
cxd5 cxd5 22. h3 h6 23. Kh2 g5 24. h4 g4 25. Nxg4 Qxh4+ 26. Rh3 Rxg4 27. Rxh4
Rxh4+ 28. Kg2 Rg4+ 29. Kf1 Rxg1+ 30. Kxg1 Bf3 31. Kh2 1-0

[Event "POL Ch 52"]
[Site "Warszawa"]
[Date "1995.??.??"]
[Round "14"]
[White "Jaracz, Pawel"]
[Black "Gdanski, Jacek"]
[Result "1/2-1/2"]
[WhiteElo "2410"]
[BlackElo "2490"]
[PlyCount "98"]
[EventDate "1995.??.??"]
[Source "Vistula"]
[SourceDate "1999.08.16"]

1. g3 e5 2. c4 Nc6 3. Bg2 f5 4. Nc3 Nf6 5. e3 g6 6. Nge2 Bg7 7. b3 O-O 8. Bb2
d6 9. d4 e4 10. O-O Qe7 11. Qd2 Nd8 12. Rae1 c6 13. f3 exf3 14. Bxf3 Nf7 15.
Bg2 Bd7 16. Nf4 Ng5 17. Ba3 a5 18. Qc1 Nge4 19. Bxe4 Nxe4 20. Nxe4 fxe4 21. c5
Rxf4 22. Rxf4 d5 23. Qd2 h5 24. Bb2 Bh6 25. Rf2 Bg4 26. Bc3 a4 27. bxa4 Rxa4
28. Qb2 h4 29. gxh4 Bf3 30. Rg2 Bxg2 31. Qxg2 Kh7 32. Qf2 Ra8 33. Rf1 Rf8 34.
Qg3 Rf5 35. Rxf5 gxf5 36. Kf2 Qf6 37. Ke2 f4 38. exf4 Bxf4 39. Qg4 Bh6 40. h5
Qg5 41. h3 Qe3+ 42. Kf1 Qd3+ 43. Kg2 Qc2+ 44. Kf1 Qd3+ 45. Kg2 e3 46. Qg6+
Qxg6+ 47. hxg6+ Kxg6 48. Kf3 Kf5 49. Be1 Bf4 1/2-1/2

[Event "POL Ch 52"]
[Site "Warszawa"]
[Date "1995.??.??"]
[Round "14"]
[White "Kaminski, Marcin"]
[Black "Kuczynski, Robert"]
[Result "1/2-1/2"]
[WhiteElo "2455"]
[BlackElo "2510"]
[PlyCount "90"]
[EventDate "1995.??.??"]
[Source "Vistula"]
[SourceDate "1999.08.16"]

1. e4 c5 2. Nf3 d6 3. d4 cxd4 4. Nxd4 Nf6 5. Nc3 a6 6. Be3 e5 7. Nb3 Be7 8. f3
Be6 9. Qd2 Nbd7 10. g4 O-O 11. O-O-O Qc7 12. h4 b5 13. h5 b4 14. Nd5 Bxd5 15.
exd5 Nb6 16. Bxb6 Qxb6 17. g5 Nd7 18. Bh3 a5 19. Kb1 Nc5 20. Nxc5 Qxc5 21. g6
h6 22. gxf7+ Kxf7 23. f4 Bf6 24. Qg2 exf4 25. Qg6+ Ke7 26. Qf5 Ra7 27. Qxf4 Kd8
28. Rhe1 Re8 29. Be6 Rc7 30. Qd2 Bg5 31. Qh2 a4 32. Re4 Bf6 33. Qd2 a3 34. Rxb4
Bxb2 35. Rb3 Bf6 36. Qd3 Ke7 37. Bf5 Kf8 38. Be6 Ke7 39. Qg6 Kf8 40. Qh7 Ke7
41. Rf1 Rf8 42. Qf5 Qd4 43. c3 Qe3 44. Qf3 Qxf3 45. Rxf3 Ra8 1/2-1/2

[Event "POL Ch 52"]
[Site "Warszawa"]
[Date "1995.??.??"]
[Round "14"]
[White "Macieja, Bartlomiej"]
[Black "Oliwa, Marek"]
[Result "1-0"]
[WhiteElo "2440"]
[BlackElo "2405"]
[PlyCount "98"]
[EventDate "1995.??.??"]
[Source "Vistula"]
[SourceDate "1999.08.16"]

1. e4 Nf6 2. e5 Nd5 3. d4 d6 4. Nf3 g6 5. Bc4 Nb6 6. Bb3 Bg7 7. Ng5 d5 8. f4 f6
9. Nf3 Nc6 10. c3 Bg4 11. Nbd2 Qd7 12. h3 Bxf3 13. Nxf3 O-O-O 14. a4 a5 15. Bc2
Bh6 16. O-O Rdf8 17. Qe2 fxe5 18. fxe5 Bxc1 19. Raxc1 Nd8 20. Ng5 e6 21. b3 h6
22. Nf3 g5 23. Nh2 Qg7 24. Qh5 Nd7 25. Ng4 c5 26. Bd3 Kb8 27. Bb5 cxd4 28. cxd4
Rf5 29. Rxf5 exf5 30. Ne3 f4 31. Nxd5 Ne6 32. Qg4 Nxd4 33. Qxd7 Ne2+ 34. Kf1
Ng3+ 35. Kf2 Qxe5 36. Qc7+ Qxc7 37. Rxc7 Rd8 38. Rd7 Rc8 39. Bd3 Rc1 40. Rd8+
Ka7 41. Kf3 Rd1 42. Nc3 Re1 43. Kf2 Re3 44. Ne2 Nxe2 45. Bxe2 Rxb3 46. Rd5 b6
47. Rd7+ Kb8 48. Rd6 Kc7 49. Rxh6 Rb4 1-0

[Event "POL Ch 52"]
[Site "Warszawa"]
[Date "1995.??.??"]
[Round "14"]
[White "Markowski, Tomasz"]
[Black "Weglarz, Leszek"]
[Result "1/2-1/2"]
[WhiteElo "2470"]
[BlackElo "2365"]
[PlyCount "85"]
[EventDate "1995.??.??"]
[Source "Vistula"]
[SourceDate "1999.08.16"]

1. b3 e5 2. Bb2 d6 3. g3 Nf6 4. Bg2 Be7 5. c4 O-O 6. Nc3 Nc6 7. Nf3 Bg4 8. h3
Bd7 9. O-O Qc8 10. Kh2 Re8 11. d3 Bf8 12. Qd2 a6 13. Nh4 Ne7 14. d4 Ng6 15.
Nxg6 hxg6 16. e4 b5 17. f4 exd4 18. Qxd4 c5 19. Qd3 bxc4 20. bxc4 Rb8 21. Rf2
Bc6 22. Nd5 Nd7 23. Bc3 Bxd5 24. Qxd5 Nb6 25. Qd3 Qe6 26. Re1 Qxc4 27. Qxc4
Nxc4 28. Bf1 Nb6 29. Bxa6 Na4 30. Ba5 Re7 31. Bf1 Ra7 32. Bd2 Rb2 33. Be3 Rxf2+
34. Bxf2 Nc3 35. Bc4 Ra4 36. Bb3 Rxe4 37. Rxe4 Nxe4 38. Be1 Be7 39. a4 Bd8 40.
Kg2 Nf6 41. Bc3 Ne4 42. Be1 Nf6 43. Bc3 1/2-1/2

[Event "POL Ch 52"]
[Site "Warszawa"]
[Date "1995.??.??"]
[Round "14"]
[White "Matlak, Marek"]
[Black "Czerwonski, Aleksander"]
[Result "1/2-1/2"]
[WhiteElo "2465"]
[BlackElo "2370"]
[PlyCount "80"]
[EventDate "1995.??.??"]
[Source "Vistula"]
[SourceDate "1999.08.16"]

1. d4 d6 2. Nf3 Nf6 3. g3 g6 4. Bg2 Bg7 5. O-O O-O 6. c4 c5 7. dxc5 dxc5 8. Nc3
Nc6 9. Be3 Qa5 10. Qa4 Qxa4 11. Nxa4 b6 12. Rad1 Bd7 13. Nc3 Rad8 14. Bf4 Bg4
15. h3 Bc8 16. Ne5 Na5 17. g4 h5 18. Nd5 Nxd5 19. Bxd5 Bxe5 20. Bxe5 hxg4 21.
hxg4 Bxg4 22. f3 Bh5 23. b3 e6 24. Be4 f5 25. Bb1 Nc6 26. Bc3 Kf7 27. Kf2 e5
28. Rd5 Rxd5 29. cxd5 Nd4 30. Bd3 Ke7 31. Kg2 Kd6 32. e4 f4 33. Bxd4 exd4 34.
Rh1 Ke5 35. Kf2 Rf7 36. a4 Rh7 37. Rg1 Kf6 38. Re1 Ke5 39. Rg1 Kf6 40. Re1 Ke5
1/2-1/2

[Event "POL Ch 52"]
[Site "Warszawa"]
[Date "1995.??.??"]
[Round "14"]
[White "Socko, Bartosz"]
[Black "Schmidt, Wlodzimierz"]
[Result "1-0"]
[WhiteElo "2385"]
[BlackElo "2475"]
[PlyCount "69"]
[EventDate "1995.??.??"]
[Source "Vistula"]
[SourceDate "1999.08.16"]

1. e4 c5 2. Nf3 e6 3. d4 cxd4 4. Nxd4 Nf6 5. Nc3 d6 6. g4 h6 7. h4 Be7 8. Be3
Nc6 9. Rg1 h5 10. gxh5 Nxh5 11. Qd2 a6 12. O-O-O Bd7 13. Be2 g6 14. f4 Nf6 15.
Bd3 Qc7 (15... b5) 16. Nf3 b5 17. f5 gxf5 $2 (17... b4 $1) 18. exf5 exf5 19.
Bg5 Be6 20. Bxf5 $1 Bxf5 21. Bxf6 Bxf6 22. Nd5 Qd8 23. Qf4 Bxb2+ 24. Kxb2 Be6
25. Nf6+ Ke7 26. Ng5 Ne5 27. Nfe4 Nc4+ 28. Ka1 Rg8 29. Rgf1 Qf8 30. Rxd6 Qg7+
31. c3 Ra7 32. Rc6 Rd8 33. Rxe6+ $1 Kf8 (33... fxe6 34. Qf7+ Qxf7 35. Rxf7+ Ke8
36. Nf6#) 34. Rf6 Rad7 35. Rxf7+ {[Socko]} 1-0

[Event "POL Ch 52"]
[Site "Warszawa"]
[Date "1995.??.??"]
[Round "14"]
[White "Urban, Klaudiusz"]
[Black "Wojtkiewicz, Aleksander"]
[Result "1/2-1/2"]
[WhiteElo "2410"]
[BlackElo "2530"]
[PlyCount "21"]
[EventDate "1995.??.??"]
[Source "Vistula"]
[SourceDate "1999.08.16"]

1. d4 d5 2. c4 c6 3. Nf3 Nf6 4. Nc3 dxc4 5. a4 Bf5 6. e3 e6 7. Bxc4 Nbd7 8. O-O
Bb4 9. Qe2 Bg6 10. e4 O-O 11. Bd3 1/2-1/2